Paroles Magic in the air - Statistiques

Statistiques générales
  • Ce quiz a été pris 103 fois
    93 depuis la dernière actualisation
  • Le résultat moyen est 405 sur 492
Statistiques - réponses
Paroles % Correct
à
100%
a
100%
air
100%
in
100%
magic
100%
(Magic
100%
Magic
100%
Allez
99%
allez
99%
le
99%
the
99%
les
97%
mains
97%
en
96%
la
96%
l'air
96%
Levez
92%
(oh
83%
oh)
83%
Oh
83%
oh
83%
on
83%
On
83%
Feel
79%
feel
79%
de
78%
Et
78%
pas
77%
pas)
77%
te
77%
Y
76%
y
76%
faire
73%
Oublie
73%
soucis
73%
tes
73%
eh
71%
raccourci
71%
folie
69%
magie
69%
viens
68%
aller
63%
t'invite
62%
va
62%
System)
60%
System
60%
ça
59%
(ça
59%
show
56%
Comme
55%
est
55%
Est
55%
fait
54%
pour
54%
Pour
54%
(ah
50%
ah)
50%
Ah
50%
ah
50%
vient
49%
toujours
47%
(toujours
47%
Tous
46%
go
45%
avec
42%
Avec
42%
d'habitude
40%
ensemble
40%
Nous
40%
nous
40%
nous)
40%
gogo
38%
tu
38%
met
37%
niveau
37%
as
36%
plus
36%
haut
35%
c'est
33%
C'est
33%
l'ambiance
33%
calé
32%
du
32%
si
32%
Mon
31%
ami
28%
magiciens
27%
ghetto
24%
(tout
24%
t'enjailler
23%
monde)
17%
Rejoins
17%
que
15%
bobos
14%
Chawki)
14%
Chawki
14%
(yeah
13%
seulement
12%
change
10%
ouais
10%
ouais)
10%
feu)
9%
One
9%
(Red
9%
Red
9%
d'Anoumabo
8%
Hein
6%
(Eh-eh)
5%
ready
5%
Aucun quiz correspondant
Distribution des résultats
% des personnes avec chaque résultat
Percentile par nombre de réponses
Votre historique - résultats
Vous n’avez pas pris ce quiz depuis la dernière actualisation